Elasticita molekúl v semikryštalických polyméroch

Saved in:
Bibliographic Details
Main Author: Špitalský, Zdenko (Author)
Format: Manuscript Book
Language:Slovak
Published: Bratislava : Ústav polymérov SAV v Bratislave, 2002
Edition:Obháj.: 20.9.2002
Tags: Add Tag
No Tags, Be the first to tag this record!

MARC

LEADER 00000ntm a22000003a 4500
001 stu80517
005 20150617225637.6
008 030516s2002----xo------------------slo-d
040 |a STU  |b slo 
041 0 |a slo 
044 |a xo 
080 |a 678.01:539(043.3)  |7 stu_us_auth*stu8452 
100 1 |a Špitalský, Zdenko  |4 aut 
245 1 |a Elasticita molekúl v semikryštalických polyméroch 
250 |a Obháj.: 20.9.2002 
260 |a Bratislava :  |b Ústav polymérov SAV v Bratislave,  |c 2002 
300 |a 99 s. Tab.,grafy,lit 
996 |b 284C030006  |c C*KD515  |l CCI  |s A  |a 24  |w stu80517_0001